000 00299nam a2200097Ia 4500
001 724880
005 20250826163358.0
008 250824s9999 xx 000 0 und d
245 0 _aHANGİ MESLEK-İ FELSEFEYİ KABUL ETMEMELİYİZ
_cŞEHBENDERZADE FİLİBELİ AHMED HİLMİ
260 _bÇİZGİ YAYINLARI
999 _c724880
_d724880